000 00510nam a2200181Ia 4500
003 GCL
008 140319s9999 xx 000 0 ara d
040 _aGCL /
_cGCL
082 0 4 _a615.1
_bع ع
100 1 _aغسان حيماوى (واخرون)
245 1 0 _aعلم الدواء /
_cغسان حيماوى (واخرون)
260 _a[S.N] :
_bدار الثقافة العربية ،
_c1992
300 _a560 ص
490 _a
650 0 4 _aالادوية
650 0 4 _aالصيدلة
942 _2ddc
_cBK
999 _c35682
_d35682